00420nam a22001457a 4500010001400000020002500014035001300039037001300052082001300065245006400078260004300142270004100185300002200226700002600248 aENG-99098 a9789380173320c90.00 aEN-82630 bDBAD/PUB a621.3678 aConcept and foundations of remote sensing /cby C.Srividhya aKoradacherrybAruma Publication c2009 a35,Gandhi ColonybThiruvarure613703 a167p.c20cm (pbk) aedited by C.Srividhya